Online Catalogue and eLibrary

Postcolonial representations : (Record no. 4426)

MARC details
000 -LEADER
fixed length control field 00490nam a2200193Ia 4500
005 - DATE AND TIME OF LATEST TRANSACTION
control field 20241003045348.0
008 - FIXED-LENGTH DATA ELEMENTS--GENERAL INFORMATION
fixed length control field 240331s9999 xx 000 0 und d
020 ## - INTERNATIONAL STANDARD BOOK NUMBER
ISBN 0801481805
082 ## - DDC Classification
Item Number - Author Mark LIO
Class No. 809
100 ## - MAIN ENTRY--PERSONAL NAME
Personal name Lionnet, F
245 #0 - TITLE STATEMENT
Title Postcolonial representations :
Remainder of title women, literature, identity
260 ## - PUBLICATION, DISTRIBUTION, ETC.
Place of publication, distribution, etc. London
Name of publisher, distributor, etc. Cornell University Press
Date of publication, distribution, etc. 1995
300 ## - PHYSICAL DESCRIPTION
Extent (e.g. Volumes, Pages etc.) xvi, 196 p .,
650 ## - SUBJECT ADDED ENTRY--TOPICAL TERM
Topical term or geographic name entry element History
650 ## - SUBJECT ADDED ENTRY--TOPICAL TERM
Topical term or geographic name entry element Culture
650 ## - SUBJECT ADDED ENTRY--TOPICAL TERM
Topical term or geographic name entry element Women
650 ## - SUBJECT ADDED ENTRY--TOPICAL TERM
Topical term or geographic name entry element Literature
942 ## - Koha item type (Biblio)
Koha item type Books in Stacks (Lending)
Holdings
Lost status Damaged status Collection code Home library Current library Shelving location Date acquired Full call number Accession Number Item type
    Lending WERC Library WERC Library Social Science Cupboard 03/31/2024 809.3 LIO 1808 Books in Stacks (Lending)

© WERC Library